Manual completo de nutrición y dietética (Registro nro. 19005)
[ vista simple ]
| 000 -CABECERA | |
|---|---|
| Longitud fija campo de control | 00773nam a22002297a 4500 |
| 003 - IDENTIFICADOR DELl NÚMERO DE CONTROL | |
| Identificador del número de control | OSt |
| 005 - FECHA Y HORA DE LA ÚLTIMA TRANSACCIÓN | |
| Fecha y hora de la última transacción | 20150227094358.0 |
| 008 - CÓDIGOS DE INFORMACIÓN DE LONGITUD FIJA | |
| Códigos de información de longitud fija | 150226b xxu||||| |||| 00| 0 eng d |
| 020 ## - NÚMERO INTERNACIONAL NORMALIZADO PARA LIBROS | |
| Número Internacional Normalizado para Libros (ISBN) | 978-84-95626-84-4 |
| 040 ## - FUENTE DE LA CATALOGACIÓN | |
| Centro transcriptor | BMC |
| 082 ## - NÚMERO DE LA CLASIFICACIÓN DECIMAL DEWEY | |
| Númeroo de clasificación | 613.2 |
| 100 1# - PUNTO DE ACCESO PRINCIPAL-NOMBRE DE PERSONA | |
| 9 (RLIN) | 32142 |
| Nombre de persona | Martín Salinas, Carmen |
| 245 10 - MENCIÓN DE TÍTULO | |
| Título | Manual completo de nutrición y dietética |
| Mención de responsabilidad, etc. | Carmen Martín Salinas, Joaquina Díaz Gómez |
| 260 ## - PUBLICACIÓN, DISTRIBUCIÓN, ETC. (PIE DE IMPRENTA) | |
| Lugar de publicación, distribución, etc. | China |
| Nombre del editor, distribuidor, etc. | Barcelbaires |
| Fecha de publicación, distribución, etc. | 2014 |
| 300 ## - DESCRIPCIÓN FÍSICA | |
| Extensión | 655 p. |
| Otras características físicas | il. col |
| Dimensiones | 27 cm |
| Material anejo | + 1 disco compacto |
| 490 ## - MENCIÓN DE SERIE | |
| Mención de serie | Obras técnicas |
| 500 ## - NOTA GENERAL | |
| Nota general | En la cub.: Un compendio de conocimientos de la nutrición como ciencia y su adaptación a la práctica |
| 650 24 - PUNTO DE ACCESO ADICIONAL DE MATERIA - TÉRMINO DE MATERIA | |
| 9 (RLIN) | 2745 |
| Término de materia o nombre geográfico como elemento inicial | Nutrición |
| 650 24 - PUNTO DE ACCESO ADICIONAL DE MATERIA - TÉRMINO DE MATERIA | |
| 9 (RLIN) | 23508 |
| Término de materia o nombre geográfico como elemento inicial | Dietética |
| 700 1# - PUNTO DE ACCESO ADICIONAL - NOMBRE DE PERSONA | |
| 9 (RLIN) | 32143 |
| Nombre de persona | Díaz Gómez, Joaquína |
| 942 ## - ENTRADA DE ELEMENTOS AGREGADOS (KOHA) | |
| Fuente de clasificaión o esquema | Dewey Decimal Classification |
| Koha [por defecto] tipo de item | 1- Monografias |
| Suprimido | Perdido | Fuente de clasificación o esquema | Estropeado | Restricciones de uso | No para préstamo | Código de colección | Localización permanente | Localización actual | Localización en estanter&íacute;as | Fecha adquisición | Fuente de adquisición | Número de inventario | Préstamos totales | Renovaciones totales | Signatura completa | Código de barras | Fecha última consulta | Fecha último préstamo | Coste, precio reemplazado | Fecha del precio de reemplazo | Tipo de item de Koha |
|---|---|---|---|---|---|---|---|---|---|---|---|---|---|---|---|---|---|---|---|---|---|
| NULL | NULL | Dewey Decimal Classification | NULL | Prestable | NULL | NULL | Biblioteca Centro Regional de Ilobasco | Biblioteca Centro Regional de Ilobasco | Sala Principal | 20/02/2015 | UNICAES | LI002004 | 10 | 613.2 MAR man | 1038581 | 19/02/2026 | 18/02/2026 | 04/10/2016 | 1- Monografias | ||
| NULL | NULL | Dewey Decimal Classification | NULL | Prestable | NULL | NULL | Biblioteca Centro Regional de Ilobasco | Biblioteca Centro Regional de Ilobasco | Sala Principal | 20/02/2015 | UNICAES | LI002102 | 10 | 613.2 MAR man | 1038703 | 02/03/2026 | 02/03/2026 | 07/10/2016 | 1- Monografias | ||
| NULL | NULL | Dewey Decimal Classification | NULL | Prestable | NULL | NULL | Biblioteca Miguel de Cervantes - UNICAES | Biblioteca Miguel de Cervantes - UNICAES | Sala Principal | 27/02/2015 | Donación - Facultad de Ciencias de la Salud | 028603 | 11 | 1 | 613.2 MAR man | 1029013 | 21/01/2019 | 21/01/2019 | 45.00 | 27/02/2015 | 1- Monografias |
| NULL | NULL | Dewey Decimal Classification | NULL | Prestable | NULL | NULL | Biblioteca Miguel de Cervantes - UNICAES | Biblioteca Miguel de Cervantes - UNICAES | Sala Principal | 27/02/2015 | Donación - Facultad de Ciencias de la Salud | 028604 | 5 | 613.2 MAR man | 1029014 | 18/09/2018 | 18/09/2018 | 45.00 | 27/02/2015 | 1- Monografias | |
| NULL | NULL | Dewey Decimal Classification | NULL | Prestable | NULL | NULL | Biblioteca Miguel de Cervantes - UNICAES | Biblioteca Miguel de Cervantes - UNICAES | Sala Principal | 27/02/2015 | Donación - Facultad de Ciencias de la Salud | 028605 | 11 | 613.2 MAR man | 1029015 | 25/07/2024 | 25/07/2024 | 45.00 | 27/02/2015 | 1- Monografias |